| 000 | 00742nam a2200181 i 4500 | ||
|---|---|---|---|
| 001 | 115676 | ||
| 003 | ES-MaACL | ||
| 005 | 20230906190530.0 | ||
| 007 | t| | ||
| 008 | 070426s1930 sp ||||1| spa d | ||
| 100 | 1 |
_aTorre Revello, José. _9110782 |
|
| 245 | 1 | 3 |
_aUn Catálogo impreso de libros para vender en las Indias Occidentales en el siglo XVII / _cJosé Torre Revello. |
| 260 |
_aMadrid : _bFrancisco Beltrán, _c1930. |
||
| 300 |
_a30 p. ; _c19 cm. |
||
| 505 | 8 | _aContiene: Catalogo, o memoria de libros, de todas facultades : para vender en las Indias : se venden en casa del Capitán Don Diego Ybáñez. -- [España : s.n., s. XVII] | |
| 650 |
_aLibros- _xComercio- _zAmérica española. _9172243 |
||
| 852 |
_aES-MaACL _j1747-F-9 |
||
| 999 |
_c115676 _d115676 |
||